000 01233nam a2200337Ia 4500
001 367344
003 EC-QuCCB
005 20240405155254.0
007 ta
008 130917s2018 ec a jr 00| pdspa d
020 _a978-9978-49-606-0
040 _aEC-QuCCB
_cEC-QuCCB
041 0 _aspa
082 0 _aI Ec861
_bD3521a
_b2018
100 1 _92172
_aDelgado Santos, Francisco,
_d1950-
245 1 0 _aTaca taca tan
_cFrancisco Delgado Santos ; ilustrado por Paula Terán Ospina
250 _aSegunda edición
260 _aQuito, Ecuador :
_bLibresa,
_c2018
300 _a24 páginas :
_bilustraciones ;
_c21 cm
336 _atexto
_btxt
337 _ano mediado
_bn
338 _avolumen
_bnc
490 0 _aGarabato
505 0 _aPequeña, pequeñita -- Mono pirulero -- El osito de papá -- Serafin -- Los corceles del cielo -- Caballito de madera -- El muñeco dormilón -- El reino del arcoiris -- Canción de las adivinanzas -- La historia de angelitón -- El helecho presumido
521 _aNiños de 10 a 12 años
590 _abgg
650 4 _aPoesía infantil ecuatoriana
_915053
650 4 _aLiteratura infantil ecuatoriana
_913897
700 1 _920914
_aTerán, Paula,
_d1986-
_eilustradora
942 _2ddc
_cBK
999 _c82137
_d82137